[Event "12th American Continental"]
[Site "Medellin COL"]
[Date "2017.06.18"]
[Round "11.67"]
[White "Montilla,J"]
[Black "Gallego,Julian Andres"]
[Result "1-0"]
[WhiteElo "2161"]
[BlackElo "2027"]

1.d4 Nf6 2.c4 e6 3.Nf3 b6 4.g3 Ba6 5.Qc2 Bb7 6.Bg2 c5 7.O-O Nc6 8.dxc5 Bxc5
9.a3 a5 10.Rd1 Ne7 11.Nc3 Ng6 12.Bg5 h6 13.Bxf6 Qxf6 14.Ne4 Bxe4 15.Qxe4 Ra7
16.Rab1 a4 17.Nd4 O-O 18.e3 Qe7 19.Nb5 Ra5 20.Bf1 f5 21.Qb7 Rf7 22.Be2 Kh7
23.Nd6 Bxd6 24.Qxb6 Bxg3 25.hxg3 Re5 26.f4 Nxf4 27.gxf4 Qh4 28.fxe5 Qg3+
29.Kf1 f4 30.exf4 Qh4 {#r} 1-0

[Event "American Continental TB"]
[Site "Medellin COL"]
[Date "2017.06.18"]
[Round "1.3"]
[White "Fier,A"]
[Black "Ramirez,Alej"]
[Result "1-0"]
[WhiteElo "2576"]
[BlackElo "2552"]

1.e4 c5 2.Nf3 e6 3.d4 cxd4 4.Nxd4 Nc6 5.Nc3 Qc7 6.Be3 a6 7.Qf3 d6 8.O-O-O Bd7
9.Nxc6 Bxc6 10.Bd3 Nf6 11.Qg3 b5 12.f3 g6 13.h4 Bg7 14.Kb1 Rc8 15.Qf2 h5
16.Bd4 e5 17.Be3 Qb7 18.Bg5 b4 19.Ne2 a5 20.Bxf6 Bxf6 21.Bc4 Be7 22.Bd5 a4
23.Nc1 Bxd5 24.Rxd5 Rc6 25.g4 hxg4 26.fxg4 Qc8 27.g5 Bxg5 28.Rf1 Bf4 29.Nd3 b3
30.cxb3 axb3 31.axb3 Qg4 32.Nxf4 Qxf4 33.Qe2 Qxh4 34.Qb5 Qxe4+ 35.Ka2 Kd7
36.Qb7+ Ke6 37.Qxf7# 1-0

[Event "American Continental TB"]
[Site "Medellin COL"]
[Date "2017.06.18"]
[Round "2.1"]
[White "Iturrizaga,E"]
[Black "Ramirez,Alej"]
[Result "1-0"]
[WhiteElo "2663"]
[BlackElo "2552"]

1.c4 c5 2.Nf3 b6 3.g3 Bb7 4.Bg2 Nf6 5.O-O g6 6.d4 cxd4 7.Qxd4 Bg7 8.Nc3 d6
9.Rd1 Nbd7 10.Be3 Rc8 11.Rac1 a6 12.b3 O-O 13.Qh4 Rc7 14.g4 Qb8 15.g5 Ne8
16.Nd5 Bxd5 17.cxd5 a5 18.Nd4 Nc5 19.Nc6 Qb7 20.Qc4 f6 21.h4 fxg5 22.hxg5 Be5
23.Nxe5 {#r} 1-0

[Event "American Continental TB"]
[Site "Medellin COL"]
[Date "2017.06.18"]
[Round "2.3"]
[White "Hungaski,R"]
[Black "Kaidanov,G"]
[Result "0-1"]
[WhiteElo "2492"]
[BlackElo "2550"]

1.Nf3 d5 2.d4 Nf6 3.c4 e6 4.Nc3 c6 5.g3 Nbd7 6.Bg2 dxc4 7.O-O b5 8.e4 Be7 9.d5
b4 10.dxe6 fxe6 11.e5 Nd5 12.Ne4 O-O 13.Qc2 Nc5 14.Nxc5 Bxc5 15.Ng5 Rf5
16.Qxc4 Qb6 17.Qh4 Bxf2+ 18.Kh1 h6 19.Ne4 Ba6 20.Bxh6 Bxf1 21.Rxf1 Be3 22.Rxf5
exf5 23.Bxg7 Kxg7 24.Nd6 Rf8 25.Bxd5 cxd5 26.Qe7+ Kg8 27.Qe6+ Kh8 28.Qe7 Bh6
29.Nf7+ Kg8 30.e6 Bg7 31.h4 Qf2 32.Ng5 {#R} 0-1

[Event "American Continental TB"]
[Site "Medellin COL"]
[Date "2017.06.18"]
[Round "3.2"]
[White "Fier,A"]
[Black "Hungaski,R"]
[Result "1-0"]
[WhiteElo "2576"]
[BlackElo "2492"]

1.e4 d6 2.d4 Nf6 3.Nc3 e5 4.Nf3 Nbd7 5.Bc4 Be7 6.O-O O-O 7.a4 a5 8.Re1 c6 9.h3
exd4 10.Qxd4 Ne8 11.Be3 Nc5 12.Rad1 Be6 13.b3 Nd7 14.Be2 Qc7 15.Qd2 Bf6 16.Nd4
Nc5 17.Nxe6 Nxe6 18.Bf3 h6 19.g3 Bg5 20.Bxg5 Nxg5 21.Bg2 Ne6 22.f4 Qb6+ 23.Kh2
Qb4 24.Nb1 Qc5 25.Qc3 Rd8 26.Qxc5 Nxc5 27.Na3 f5 28.exf5 d5 29.Nc4 Nd6 30.Nxd6
Rxd6 31.g4 h5 32.Kg3 hxg4 33.hxg4 Rdf6 34.Re7 g6 35.fxg6 Rxg6 36.Rde1 Rf7
37.Rxf7 Kxf7 38.f5 Rg8 39.Kf4 d4 40.Bf1 Rh8 41.Bc4+ Kf8 42.f6 Nd7 43.g5 Rh2
44.Re7 Nb6 45.Rxb7 Nxc4 46.bxc4 Rxc2 47.g6 Rf2+ 48.Ke5 Re2+ 49.Kd6 d3 50.Rb8+
{#r} 1-0

[Event "American Continental TB"]
[Site "Medellin COL"]
[Date "2017.06.18"]
[Round "4.1"]
[White "Iturrizaga,E"]
[Black "Vera Siguenas,D"]
[Result "1-0"]
[WhiteElo "2663"]
[BlackElo "2526"]

1.c4 Nf6 2.Nc3 g6 3.g3 Bg7 4.Bg2 O-O 5.d4 d6 6.e4 Nc6 7.Nge2 e5 8.d5 Nd4 9.O-O
Nxe2+ 10.Qxe2 Ne8 11.Be3 f5 12.exf5 Bxf5 13.c5 Nf6 14.h3 Bd7 15.Rac1 Qe8
16.Qc4 Kh8 17.Qb4 Qb8 18.a4 b6 19.cxd6 cxd6 20.Nb5 Bxb5 21.axb5 Nd7 22.Rc6 Nc5
23.Qg4 Qd8 24.b4 Nb3 25.Qe6 Rf6 26.Bg5 Rxe6 27.Bxd8 Re8 28.Bg5 Bf8 29.Rc7 Kg8
30.h4 Nd4 31.h5 Nf5 32.hxg6 hxg6 33.Be4 Be7 34.Bd2 a6 35.Ra1 Nd4 36.Rxa6 Nxb5
37.Rxe7 {#r} 1-0

[Event "American Continental TB"]
[Site "Medellin COL"]
[Date "2017.06.18"]
[Round "5.1"]
[White "Fier,A"]
[Black "Iturrizaga,E"]
[Result "1-0"]
[WhiteElo "2576"]
[BlackElo "2663"]

1.d4 Nf6 2.Nf3 b6 3.c4 Bb7 4.Nc3 d5 5.cxd5 Nxd5 6.e3 Nxc3 7.bxc3 g6 8.h4 h6
9.Bb5+ c6 10.Bd3 Nd7 11.e4 e5 12.a4 Bg7 13.Be3 Qe7 14.h5 g5 15.a5 O-O 16.O-O
Kh8 17.axb6 axb6 18.Rxa8 Rxa8 19.Qb3 Ra3 20.Qb2 b5 21.Ra1 Rxa1+ 22.Qxa1 exd4
23.Nxd4 Qd6 24.Qa7 Qc7 25.Be2 Be5 26.Nf5 Kh7 27.Bd4 Bxd4 28.cxd4 Nf8 29.e5 Ne6
30.Nd6 Nd8 31.Bd3+ Kg8 32.Qc5 Qd7 33.Bf5 Qc7 34.Be4 Qa5 35.g3 Bc8 36.Nxc8 Qe1+
37.Kh2 Qxe4 38.Qe7 Qxd4 39.Qf6 Kh7 40.Qf5+ Kg8 41.Qf6 Qd7 42.Ne7+ Kh7 43.Nf5
Ne6 44.Qxh6+ Kg8 45.Qf6 Kh7 46.Qh6+ Kg8 47.Qf6 Qa7 48.Ne7+ Kf8 49.Nxc6 {#r}
1-0

[Event "American Continental TB"]
[Site "Medellin COL"]
[Date "2017.06.18"]
[Round "5.2"]
[White "Ramirez,Alej"]
[Black "Kaidanov,G"]
[Result "1-0"]
[WhiteElo "2552"]
[BlackElo "2550"]

1.Nf3 d5 2.c4 e6 3.b3 Nf6 4.g3 c5 5.Bg2 Nc6 6.cxd5 exd5 7.d4 cxd4 8.Nxd4 Bb4+
9.Bd2 Qb6 10.Nxc6 bxc6 11.O-O O-O 12.Nc3 Re8 13.Na4 Qb5 14.Bxb4 Qxb4 15.Qc2
Bg4 16.e3 Rac8 17.Rfc1 d4 18.exd4 Qxd4 19.Qc5 Qd2 20.h3 Be6 21.Rd1 Qh6 22.Rd4
Bd5 23.Nc3 Nd7 24.Qxa7 Bxg2 25.Kxg2 Ne5 26.Qa6 Nf3 27.Rf4 Ng5 28.h4 Ne6 29.Re4
f5 30.Re5 Kh8 31.Rae1 Rcd8 32.Qc4 Rd6 33.Na4 f4 34.Nc5 fxg3 35.Rxe6 {#r} 1-0

[Event "21st Voronezh Master Open"]
[Site "Voronezh RUS"]
[Date "2017.06.12"]
[Round "1.1"]
[White "Grachev,B"]
[Black "Bykov,Egor"]
[Result "1-0"]
[WhiteElo "2648"]
[BlackElo "2332"]

1.d4 Nf6 2.c4 e6 3.Nf3 b6 4.Nc3 Bb7 5.e3 d5 6.cxd5 exd5 7.Bb5+ c6 8.Bd3 Be7
9.O-O Nbd7 10.Qe2 O-O 11.Ba6 Bxa6 12.Qxa6 Re8 13.Qa4 b5 14.Qc2 Bd6 15.b3 Rc8
16.Bb2 Ne4 17.Rad1 Re6 18.h3 Ng5 19.Nxg5 Qxg5 20.Nxb5 Rg6 21.f4 Qg3 22.Kh1 Bf8
23.Nxa7 Ra8 24.Rf3 Qh4 25.Nxc6 Rxa2 26.Ne5 Nxe5 27.dxe5 Rg3 28.Qf2 {#r} 1-0

[Event "21st Voronezh Master Open"]
[Site "Voronezh RUS"]
[Date "2017.06.12"]
[Round "1.3"]
[White "Savchenko,B"]
[Black "Sadhwani,Raunak"]
[Result "1-0"]
[WhiteElo "2639"]
[BlackElo "2328"]

1.e4 c6 2.Nc3 d5 3.Nf3 Nf6 4.e5 Ne4 5.Ne2 Qb6 6.d4 e6 7.Nf4 c5 8.Bd3 cxd4
9.O-O Nc6 10.Nh5 Bd7 11.Re1 Nc5 12.Bf1 Ne4 13.Bd3 Nc5 14.a3 h6 15.b4 Na4 16.c4
Nc3 17.c5 Nxd1 18.cxb6 Nc3 19.bxa7 Na4 20.Ra2 Rxa7 21.Rc2 Kd8 22.h4 Rg8 23.Bh7
Rh8 24.Bd3 Rg8 25.g4 Be7 26.Kg2 f6 27.Nf4 fxe5 28.Nxe5 Nxe5 29.Rxe5 Bf6
30.Nxe6+ Ke7 31.Re1 Bxe6 32.Rce2 Kf7 33.Rxe6 g5 34.hxg5 hxg5 35.Rd6 Rd8
36.Rxd8 Bxd8 37.Rh1 Nc3 38.Rh7+ Kg8 39.Rd7 Bf6 40.b5 Ra8 41.Rxb7 Rc8 42.b6 Na4
43.Bd2 Bd8 44.Bh7+ Kh8 45.Bf5 Ra8 46.Rh7+ Kg8 47.b7 Rb8 48.Bb4 d3 49.Bxd3 {#r}
1-0

[Event "21st Voronezh Master Open"]
[Site "Voronezh RUS"]
[Date "2017.06.12"]
[Round "1.4"]
[White "Nazaretyan,Tigran"]
[Black "Popov,Iv RUS"]
[Result "0-1"]
[WhiteElo "2328"]
[BlackElo "2619"]

1.d4 Nf6 2.c4 e6 3.Nc3 Bb4 4.e3 b6 5.Ne2 c5 6.a3 Ba5 7.Rb1 Qe7 8.Bd2 Bxc3
9.Nxc3 O-O 10.Be2 Bb7 11.d5 exd5 12.Bf3 d6 13.cxd5 Ba6 14.Be2 Bxe2 15.Qxe2 Ne4
16.O-O Nd7 17.f3 Nxd2 18.Qxd2 f5 19.Rfe1 Rae8 20.Re2 Ne5 21.Rbe1 Qg5 22.Kh1
Qh6 23.Kg1 Qg6 24.Kh1 Re7 25.f4 Ng4 26.e4 fxe4 27.Rxe4 Rxe4 28.Rxe4 Re8
29.Rxe8+ Qxe8 30.h3 Qe3 31.Qxe3 Nxe3 32.Nb5 Nxd5 33.g3 Kf7 34.Nxd6+ Ke6 35.Ne4
Ne3 36.b3 Nc2 37.Kg2 Nxa3 38.Ng5+ Kd5 39.Nxh7 c4 40.bxc4+ Nxc4 41.Kf3 a5
42.Ng5 a4 43.Ne4 Kd4 44.g4 a3 45.Ng3 a2 46.Ne2+ Kc5 47.Nc1 Nd2+ {#R} 0-1

[Event "21st Voronezh Master Open"]
[Site "Voronezh RUS"]
[Date "2017.06.12"]
[Round "1.5"]
[White "Volkov,Sergey1"]
[Black "Tsoi,Dmitry"]
[Result "0-1"]
[WhiteElo "2615"]
[BlackElo "2326"]

1.d4 Nf6 2.c4 e6 3.Nc3 Bb4 4.f3 d5 5.a3 Bxc3+ 6.bxc3 c5 7.cxd5 Nxd5 8.dxc5 Qa5
9.e4 Nf6 10.Be3 O-O 11.Kf2 Nfd7 12.Rb1 Rd8 13.Qb3 Qc7 14.Rd1 Rf8 15.Qb5 b6
16.cxb6 axb6 17.Ne2 Rxa3 18.Qb2 Qa7 19.Rd2 Qa5 20.c4 Nc6 21.Qb5 Nde5 22.Qxa5
Nxa5 23.Bxb6 Naxc4 24.Bc5 Ra5 25.Bb4 Ra4 26.Bxf8 Nxd2 27.Bd6 Ng4+ 28.Ke1 Nxe4
29.Bf4 Nef2 30.Rg1 Nd3+ 31.Kd2 Nxf4 32.fxg4 Nd5 33.h3 Ra2+ 34.Ke1 Ne3 35.Nf4
e5 36.Nh5 Bb7 37.Be2 Nxg2+ 38.Kf2 g6 39.Nf6+ Kg7 40.Ne8+ Kf8 41.Nd6 Nf4
42.Nxb7 Nxh3+ {#R} 0-1

[Event "21st Voronezh Master Open"]
[Site "Voronezh RUS"]
[Date "2017.06.12"]
[Round "1.9"]
[White "Kryakvin,D"]
[Black "Vinogradov,Anatoly"]
[Result "1-0"]
[WhiteElo "2572"]
[BlackElo "2309"]

1.c4 e6 2.Nc3 d5 3.d4 Be7 4.Nf3 Nf6 5.cxd5 exd5 6.Qc2 c6 7.Bg5 Nbd7 8.e3 O-O
9.Bd3 Re8 10.O-O Nf8 11.h3 Be6 12.Bf4 Rc8 13.Rab1 N6d7 14.Na4 c5 15.dxc5 Nxc5
16.Nxc5 Bxc5 17.Qd2 Ng6 18.Bg3 Qf6 19.Bb5 Red8 20.Nd4 Bxd4 21.exd4 Bf5 22.Rbc1
Qb6 23.Be2 h6 24.Rfd1 Re8 25.Bf3 Be6 26.b4 Ne7 27.Rc5 Nf5 28.Be5 Nh4 29.Bh5
Nf5 30.Rdc1 Rxc5 31.bxc5 Qc6 32.Rc3 b6 33.g4 Nh4 34.g5 g6 35.gxh6 Kh7 36.Qg5
Nf5 37.Bg4 Rg8 38.Qf6 Nxh6 39.Bf4 g5 40.Be5 Qc8 41.Bh5 bxc5 42.dxc5 Qb7 43.Rb3
Qa6 44.Rb8 Bc8 45.Bg6+ {#r} 1-0

[Event "21st Voronezh Master Open"]
[Site "Voronezh RUS"]
[Date "2017.06.12"]
[Round "1.10"]
[White "Yashmetov,Mikhail"]
[Black "Chigaev,M"]
[Result "0-1"]
[WhiteElo "2308"]
[BlackElo "2561"]

1.Nf3 Nf6 2.g3 b6 3.Bg2 Bb7 4.O-O g6 5.b3 Bg7 6.Bb2 O-O 7.d3 d5 8.c4 e6 9.Nbd2
c5 10.Qc2 Nc6 11.a3 Rc8 12.Rac1 Re8 13.Qb1 a5 14.Ne5 Qd6 15.Nxc6 Bxc6 16.e4
dxe4 17.Qa1 e3 18.fxe3 Bxg2 19.Kxg2 e5 20.Rcd1 Qxd3 21.Bxe5 Ng4 {#R} 0-1

[Event "21st Voronezh Master Open"]
[Site "Voronezh RUS"]
[Date "2017.06.12"]
[Round "1.11"]
[White "Timofeev,Arty"]
[Black "Tomilova,E"]
[Result "1-0"]
[WhiteElo "2561"]
[BlackElo "2303"]

1.e4 e6 2.d4 d5 3.Nd2 c5 4.exd5 Qxd5 5.dxc5 Nf6 6.Ngf3 Qxc5 7.Bd3 Qc7 8.Ne4
Nxe4 9.Bxe4 Nd7 10.Qd4 Nf6 11.Bd3 Bc5 12.Qh4 Be7 13.Bg5 Bd7 14.O-O h6 15.Rfe1
Rg8 16.Bd2 O-O-O 17.Bf4 Bd6 18.Bxd6 Qxd6 19.Ne5 Be8 20.a4 g5 21.Qxh6 Nd5 22.a5
f6 23.Nc4 Qc7 24.Ne3 Nf4 25.Qxf6 Bc6 26.Bf1 Rdf8 27.Qd4 Qh7 28.a6 Rh8 29.axb7+
Kc7 30.b8=Q+ Kxb8 31.Qd6+ Qc7 32.Qxc7+ Kxc7 33.Rxa7+ Kb8 34.Rg7 Rh5 35.f3 Rfh8
36.h3 Bb7 37.Rd1 Rf8 38.Ng4 Nd5 39.c4 Nb4 40.Rd6 Nc6 41.b4 e5 42.b5 Nd4 43.Rb6
{#r} 1-0

[Event "21st Voronezh Master Open"]
[Site "Voronezh RUS"]
[Date "2017.06.12"]
[Round "1.12"]
[White "Yeritsyan,Aram"]
[Black "Shaposhnikov,E"]
[Result "0-1"]
[WhiteElo "2295"]
[BlackElo "2557"]

1.e4 c5 2.Nf3 d6 3.d4 Nf6 4.Nc3 cxd4 5.Nxd4 Nc6 6.Bg5 e6 7.Qd2 a6 8.O-O-O Bd7
9.f4 Be7 10.Bxf6 Bxf6 11.Nb3 Be7 12.Kb1 b5 13.Bxb5 axb5 14.Nxb5 Na5 15.Nxa5
Bxb5 16.Nb7 Qb6 17.Nxd6+ Qxd6 18.Qxd6 Bxd6 19.Rxd6 Ke7 20.Rhd1 Rhc8 21.R6d4
Bc6 22.g3 e5 23.Rc4 Ra4 24.Rxa4 Bxa4 25.Rd2 Bc6 26.b4 Bxe4 27.Kb2 Ke6 28.a4 f5
29.Re2 exf4 30.gxf4 g5 31.fxg5 Ke5 32.Kb3 f4 33.b5 f3 34.Rf2 Bxc2+ 35.Kb4 Be4
36.a5 Kf4 37.a6 Ke3 {#R} 0-1

[Event "21st Voronezh Master Open"]
[Site "Voronezh RUS"]
[Date "2017.06.13"]
[Round "2.1"]
[White "Khanin,S"]
[Black "Grachev,B"]
[Result "0-1"]
[WhiteElo "2436"]
[BlackElo "2648"]

1.e4 c5 2.Nf3 Nf6 3.Nc3 d5 4.exd5 Nxd5 5.Nxd5 Qxd5 6.Bb5+ Nc6 7.Qe2 Bg4 8.h3
Bxf3 9.Qxf3 Qxf3 10.gxf3 Kd7 11.c3 a6 12.Ba4 e6 13.Ke2 Bd6 14.Rg1 g6 15.d3 b5
16.Bc2 Ne7 17.f4 Rhb8 18.Bd2 a5 19.a4 b4 20.cxb4 cxb4 21.Bb3 Nf5 22.Be3 Bxf4
23.Bxe6+ Kxe6 24.Bxf4 Nd4+ 25.Kf1 Re8 26.Rc1 Rac8 27.Kg2 Ne2 28.Rge1 Kd7
29.Rxc8 Nxf4+ 30.Kf3 Rxe1 31.Rc5 Ne6 {#R} 0-1

[Event "21st Voronezh Master Open"]
[Site "Voronezh RUS"]
[Date "2017.06.13"]
[Round "2.3"]
[White "Popov,Iv RUS"]
[Black "Yeletsky,Ivan"]
[Result "1-0"]
[WhiteElo "2619"]
[BlackElo "2415"]

1.e4 c5 2.Nf3 d6 3.d4 cxd4 4.Qxd4 Nf6 5.Bg5 Nc6 6.Bb5 Bd7 7.Qd3 Rc8 8.Nc3 e6
9.O-O-O Qa5 10.Bxc6 Bxc6 11.Bxf6 gxf6 12.Kb1 Be7 13.Nd4 O-O 14.f4 Kh8 15.f5
Bd7 16.Nce2 Qe5 17.g3 b5 18.Nf3 Qc5 19.Nf4 a5 20.Nd4 Qe5 21.Rhe1 Rfe8 22.Qd2
b4 23.Nd5 exd5 24.Nf3 Qxe4 25.Rxe4 dxe4 26.Nd4 Bf8 27.Qe3 Re5 28.g4 a4 29.Ne2
Bb5 30.Ng3 Rec5 31.Nxe4 Rxc2 32.Nc3 Rxb2+ 33.Kxb2 bxc3+ 34.Kc2 Bc4 35.Qa7 Be2
36.Rd4 Kg7 37.Qxa4 Rc5 38.Rb4 d5 39.Rb7 Bf3 40.Qe8 Be4+ 41.Kb3 {#r} 1-0

[Event "21st Voronezh Master Open"]
[Site "Voronezh RUS"]
[Date "2017.06.13"]
[Round "2.4"]
[White "Ponomarev,Dm"]
[Black "Kryakvin,D"]
[Result "0-1"]
[WhiteElo "2417"]
[BlackElo "2572"]

1.d4 Nf6 2.c4 g6 3.Nc3 Bg7 4.e4 d6 5.h3 O-O 6.Nf3 c6 7.Be3 Na6 8.Be2 e5 9.d5
cxd5 10.cxd5 Bd7 11.Nd2 Ne8 12.g4 Bf6 13.Nf3 Nec7 14.a3 Qe8 15.b4 Nb5 16.Nxb5
Bxb5 17.Bxb5 Qxb5 18.Qe2 Qd7 19.Kd2 Nc7 20.Rhc1 Bg7 21.g5 Nb5 22.Ne1 Nd4
23.Bxd4 exd4 24.Nd3 Rae8 25.Qg4 Qe7 26.f3 h5 27.Qg2 Rc8 28.Rxc8 Rxc8 29.Rc1
Rc3 30.Rxc3 dxc3+ 31.Kc2 Qc7 32.Nc1 a5 33.Qf1 axb4 34.axb4 Qb6 35.Nd3 Qa7
36.Qb1 Qe3 37.Qd1 Qxg5 38.Qe2 Qg1 39.e5 dxe5 40.d6 Qd4 41.Qe4 Qxd6 42.Qxb7 Qe6
43.Qa8+ Kh7 44.b5 Qb6 45.Qa6 Qe3 46.b6 e4 47.fxe4 Qe2+ 48.Kb3 c2 49.b7 c1=Q
{#R} 0-1

[Event "21st Voronezh Master Open"]
[Site "Voronezh RUS"]
[Date "2017.06.13"]
[Round "2.5"]
[White "Chigaev,M"]
[Black "Nozdrachev,L"]
[Result "1-0"]
[WhiteElo "2561"]
[BlackElo "2411"]

1.e4 e5 2.Nf3 Nc6 3.Bc4 Nf6 4.d3 Bc5 5.O-O O-O 6.h3 d6 7.c3 Bb6 8.a4 a6 9.Re1
Be6 10.Nbd2 Qe8 11.b4 Nh5 12.a5 Ba7 13.Nf1 Bxc4 14.dxc4 Qe6 15.Ne3 Bxe3
16.Bxe3 Nf4 17.Bxf4 exf4 18.Qd5 Qf6 19.b5 axb5 20.a6 b4 21.axb7 Rxa1 22.Rxa1
Nb8 23.e5 dxe5 24.cxb4 e4 25.Ne5 Re8 26.Rd1 e3 27.Nf3 Qb6 28.fxe3 fxe3 29.c5
c6 30.cxb6 cxd5 31.Rxd5 f6 32.Rc5 Kf7 33.Rc7+ Ke6 34.Nd4+ Kd6 35.Nf5+ Kd5
36.Rc8 Re6 37.Rd8+ Ke4 38.Ng3+ Kf4 39.Ne2+ Kg5 40.Rxb8 Rxb6 41.g3 {#r} 1-0

[Event "21st Voronezh Master Open"]
[Site "Voronezh RUS"]
[Date "2017.06.13"]
[Round "2.7"]
[White "Shaposhnikov,E"]
[Black "Shagbazyan,Tar"]
[Result "1-0"]
[WhiteElo "2557"]
[BlackElo "2406"]

1.e4 e5 2.Nf3 Nf6 3.Nxe5 d6 4.Nf3 Nxe4 5.c4 Nc6 6.Bd3 Nf6 7.Nc3 Be7 8.Bc2 Ne5
9.Qe2 Bg4 10.d4 Nxf3+ 11.gxf3 Bh5 12.Rg1 O-O 13.Bf4 Kh8 14.O-O-O Qd7 15.d5 Bg6
16.Be3 Nh5 17.f4 Bxc2 18.Qxc2 Qh3 19.Ne4 Qf5 20.Ng3 Nxg3 21.hxg3 Qxc2+ 22.Kxc2
f5 23.Bd4 Kg8 24.Rge1 Bf6 25.Bxf6 Rxf6 26.Rd3 Kf8 27.Rde3 Rc8 28.b4 a6 29.Kb3
h5 30.Re7 h4 31.gxh4 Rh6 32.Rd7 Rxh4 33.Ree7 Rxf4 34.Rxg7 Rf3+ 35.Kc2 Rxf2+
36.Kd3 Rf3+ 37.Kd2 Rf2+ 38.Ke3 Rf1 39.Rdf7+ Ke8 40.c5 Re1+ 41.Kf2 Re5 42.c6
bxc6 43.dxc6 a5 44.Rh7 f4 45.Rd7 Rf5 46.b5 a4 47.Rh8+ Rf8 48.Rdh7 Rd8 49.b6
cxb6 50.c7 {#r} 1-0

[Event "21st Voronezh Master Open"]
[Site "Voronezh RUS"]
[Date "2017.06.13"]
[Round "2.9"]
[White "Mozharov,M"]
[Black "Elistratov,Semen"]
[Result "1-0"]
[WhiteElo "2536"]
[BlackElo "2403"]

1.d4 Nf6 2.c4 e6 3.Nf3 d5 4.Nc3 Nbd7 5.cxd5 exd5 6.Bf4 Bb4 7.Qc2 Ne4 8.a3
Bxc3+ 9.bxc3 c5 10.Nd2 Nxd2 11.Qxd2 Nf6 12.f3 O-O 13.dxc5 Bf5 14.Qd4 Rc8 15.g4
Be6 16.Rb1 Qa5 17.Qb4 Qd8 18.Bd6 Re8 19.Qxb7 h5 20.gxh5 d4 21.Qb4 dxc3 22.h6
Bd5 23.Rg1 g6 24.Rg3 Nh5 25.Qd4 Qa5 26.Rc1 c2+ 27.Kf2 Bb3 28.Rg5 Qa4 29.Qxa4
Bxa4 30.Rg4 Bd7 31.Rc4 Re6 32.R4xc2 Ba4 33.Rc3 f5 34.e4 Bc6 35.Bc4 {#r} 1-0

[Event "21st Voronezh Master Open"]
[Site "Voronezh RUS"]
[Date "2017.06.14"]
[Round "3.2"]
[White "Savchenko,B"]
[Black "Gabrielian,A"]
[Result "1-0"]
[WhiteElo "2639"]
[BlackElo "2506"]

1.d4 Nf6 2.c4 c5 3.d5 e6 4.Nc3 exd5 5.cxd5 d6 6.e4 g6 7.Bd3 Bg7 8.h3 O-O 9.Nf3
b5 10.Nxb5 Re8 11.Nd2 Nxd5 12.Nc4 Nb4 13.Be2 Rxe4 14.Ncxd6 Rxe2+ 15.Qxe2 a6
16.Bg5 Qd7 17.Rd1 axb5 18.Nxc8 Bd4 19.Nb6 Qc6 20.Nxa8 Qxg2 21.Rxd4 Qxg5 22.h4
Qf5 23.Rd8+ Kg7 24.Nc7 {#r} 1-0

[Event "21st Voronezh Master Open"]
[Site "Voronezh RUS"]
[Date "2017.06.14"]
[Round "3.4"]
[White "Kryakvin,D"]
[Black "Golubov,Saveliy"]
[Result "1-0"]
[WhiteElo "2572"]
[BlackElo "2504"]

1.c4 Nf6 2.g3 e5 3.Bg2 d5 4.cxd5 Nxd5 5.Nf3 Nc6 6.O-O Nb6 7.b3 Be7 8.Bb2 f6
9.Qc1 O-O 10.Rd1 Bg4 11.d4 e4 12.d5 Nxd5 13.Ne1 Ne5 14.Bxe4 c6 15.Qc2 Qe8
16.Bxe5 fxe5 17.Bxh7+ Kh8 18.Bg6 Qd8 19.Nf3 Bxf3 20.exf3 Rxf3 21.Qe2 e4
22.Bxe4 Rf6 23.Nc3 Re6 24.Qg4 Rh6 25.Bxd5 cxd5 26.Nxd5 Bc5 27.Rac1 {#r} 1-0

[Event "21st Voronezh Master Open"]
[Site "Voronezh RUS"]
[Date "2017.06.14"]
[Round "3.5"]
[White "Tsydypov,Z"]
[Black "Chigaev,M"]
[Result "0-1"]
[WhiteElo "2511"]
[BlackElo "2561"]

1.e4 c5 2.Nf3 e6 3.d4 cxd4 4.Nxd4 Nc6 5.Nc3 Qc7 6.Be3 a6 7.Qd2 Be7 8.O-O-O Nf6
9.f3 b5 10.g4 Nxd4 11.Bxd4 Bb7 12.g5 b4 13.gxf6 bxc3 14.Bxc3 Bxf6 15.Ba5 Qc6
16.Bb4 d5 17.Qf4 Rc8 18.Bd3 Qa4 19.Ba3 Bc6 20.Rhe1 {#R} 0-1

[Event "21st Voronezh Master Open"]
[Site "Voronezh RUS"]
[Date "2017.06.14"]
[Round "3.8"]
[White "Pridorozhni,A"]
[Black "Zhileykin,Andrey"]
[Result "1-0"]
[WhiteElo "2540"]
[BlackElo "2225"]

1.c4 e6 2.g3 Nf6 3.Bg2 d5 4.Nf3 Be7 5.O-O O-O 6.d4 dxc4 7.Ne5 c5 8.dxc5 Qc7
9.Nxc4 Qxc5 10.b3 Rd8 11.Nbd2 Qc7 12.Bb2 Nc6 13.Rc1 Bd7 14.Ne5 Qa5 15.Nd3 Rac8
16.a3 Be8 17.b4 Qa6 18.Qb3 b5 19.e3 Qa4 {#r} 1-0

[Event "21st Voronezh Master Open"]
[Site "Voronezh RUS"]
[Date "2017.06.14"]
[Round "3.12"]
[White "Ponkratov,P"]
[Black "Peskov,A"]
[Result "1-0"]
[WhiteElo "2595"]
[BlackElo "2394"]

1.c4 e6 2.g3 d5 3.Bg2 d4 4.Nf3 Nc6 5.O-O Nf6 6.d3 Be7 7.e3 e5 8.exd4 exd4
9.Na3 O-O 10.Nc2 a5 11.b3 Bc5 12.a3 Ra6 13.Rb1 Rb6 14.Bd2 Qd6 15.Bf4 Qd7
16.Re1 Rd8 17.Qd2 Nh5 18.Ne5 Nxe5 19.Bxe5 a4 20.b4 f6 21.Bxc7 Qxc7 22.bxc5
{#r} 1-0

[Event "21st Voronezh Master Open"]
[Site "Voronezh RUS"]
[Date "2017.06.15"]
[Round "4.1"]
[White "Chigaev,M"]
[Black "Savchenko,B"]
[Result "1-0"]
[WhiteElo "2561"]
[BlackElo "2639"]

1.e4 c5 2.Nf3 g6 3.Nc3 Bg7 4.d4 cxd4 5.Nxd4 Nc6 6.Be3 Nf6 7.Bc4 O-O 8.Bb3 d6
9.f3 Bd7 10.h4 h5 11.Qd2 Rc8 12.O-O-O Ne5 13.Bg5 Rc5 14.Kb1 b5 15.g4 hxg4
16.h5 Nxh5 17.Nd5 Rxd5 18.Bxd5 Qe8 19.Rdg1 e6 20.fxg4 exd5 21.gxh5 Nc4 22.Qf2
Qe5 23.c3 f6 24.Bf4 Qxe4+ 25.Ka1 g5 26.h6 Bh8 27.h7+ Kf7 28.Bxg5 b4 29.Bxf6
Bxf6 30.h8=Q Rxh8 31.Rxh8 Bf5 32.Nxf5 bxc3 33.Qxa7+ Ke6 34.Re8+ {#r} 1-0

[Event "21st Voronezh Master Open"]
[Site "Voronezh RUS"]
[Date "2017.06.15"]
[Round "4.7"]
[White "Shaposhnikov,E"]
[Black "Bakunts,Rafael"]
[Result "0-1"]
[WhiteElo "2557"]
[BlackElo "2397"]

1.Nf3 d5 2.d4 Nf6 3.c4 c6 4.e3 e6 5.Nbd2 Nbd7 6.b3 Bd6 7.Bb2 O-O 8.Bd3 b6
9.O-O Bb7 10.Ne5 c5 11.cxd5 exd5 12.f4 cxd4 13.exd4 Ne4 14.Nxe4 dxe4 15.Bc4
Nf6 16.Qe2 Rc8 17.Rac1 Rc7 18.f5 Kh8 19.a4 Bb4 20.Qe3 Qe7 21.g4 Nd7 22.Nxd7
Qxd7 23.Bb5 Qd6 24.Rxc7 Qxc7 25.f6 g6 26.Bc4 Qd7 27.h3 a6 28.Rf2 b5 29.axb5
axb5 30.Bf1 Re8 31.Bg2 Bd5 32.g5 Bd6 33.Bf1 Rb8 34.Be2 Qc7 35.Kg2 Qa5 36.Bd1
Qb4 37.h4 Bc7 38.h5 gxh5 39.Rf5 Qd6 40.Re5 Qc6 41.g6 fxg6 42.Qg5 e3+ 43.Kg1
Bxe5 44.Qxe5 Qe8 45.Qxd5 e2 46.Bxe2 Qxe2 47.Qf7 Rg8 48.d5 Qxb2 49.Qe6 Rf8
50.Qe5 {#R} 0-1

[Event "21st Voronezh Master Open"]
[Site "Voronezh RUS"]
[Date "2017.06.15"]
[Round "4.8"]
[White "Tran Tuan Minh"]
[Black "Ovod,E"]
[Result "1-0"]
[WhiteElo "2541"]
[BlackElo "2365"]

1.c4 Nf6 2.Nc3 e6 3.e4 d5 4.e5 d4 5.exf6 dxc3 6.bxc3 Qxf6 7.Nf3 Nd7 8.d4 h6
9.Bd3 Bd6 10.O-O O-O 11.Qe2 Qd8 12.c5 Be7 13.a4 a5 14.Rb1 Re8 15.Re1 Bf8
16.Bf4 Nf6 17.Ne5 Nd5 18.Bd2 Ra7 19.Qh5 Qe7 20.Bg5 Nf6 21.Bxf6 Qxf6 22.Nxf7
Bd7 23.Re3 g5 24.Rf3 Qg7 25.Nxh6+ Qxh6 26.Qf7+ Kh8 27.Rh3 Qxh3 28.gxh3 Bg7
29.Qxd7 {#r} 1-0

[Event "21st Voronezh Master Open"]
[Site "Voronezh RUS"]
[Date "2017.06.15"]
[Round "4.9"]
[White "Mozharov,M"]
[Black "Vaishali,R"]
[Result "1-0"]
[WhiteElo "2536"]
[BlackElo "2312"]

1.d4 Nf6 2.c4 e6 3.Nc3 d5 4.cxd5 exd5 5.Bg5 c6 6.e3 Be7 7.Qc2 Nbd7 8.Bd3 O-O
9.Nge2 Re8 10.O-O Nf8 11.f3 g6 12.Bh4 Ne6 13.Rad1 b5 14.Bf2 Bb7 15.Kh1 Rc8
16.e4 b4 17.Na4 dxe4 18.fxe4 c5 19.d5 Ng5 20.b3 Bd6 21.Bh4 Ng4 22.Qc1 h6 23.h3
Ne5 24.Bb5 c4 25.Bxe8 Qxe8 26.Qe3 Ba6 27.Qxa7 Bb5 28.Nd4 Bb8 29.Qa5 Bxa4
30.Bxg5 Bd7 31.Bf4 c3 32.Qa6 Qe7 33.d6 Qf6 34.Nc2 Qe6 35.Qb7 Nc6 36.Nxb4 Nxb4
37.Qxb4 c2 38.Rd4 Qf6 39.Rc4 Re8 40.Qe1 Bb5 41.d7 {#r} 1-0